000
00310nam a2200145Ia 4500
100
_a
Omalley/ John
942
_c
BK
654
_a
circuit Analysis
245
_a
Basic circuit Analysis
260
_b
McGraw Hill
_a
New York
_c
1992
082
_a
621.38412
300
_a
419
546
_a
ENGLISH
999
_c
33167
_d
33167